000 01135cam a2200301 4500
008 040913t2012 000 0 eng u
041 _aeng
110 2 _aRoyal Institution of Chartered Surveyors
_94900
245 0 0 _aBritish Woodlands 2012:
_ba national survey of woodland owners
_h[electronic resource]
260 _aLondon
_bRICS
_cAugust 2013
300 _a50p.
490 0 _aRICS Research
520 _aA report for The Royal Institution of Chartered Surveyors Research Trust of a survey undertaken by the Sylva Foundation in conjunction with Cambridge University Department of Land Economy
650 2 4 _aWOODLANDS
651 4 _aAustralia
690 _aLand use
_96251
700 1 _aNicholls, Derek
700 1 _aHemery, Gabriel
700 1 _aPetrokofsky, Gillian
700 1 _aYeomans, Alistair
700 1 _aYoung, Mary
700 1 _aEriksson, Clare
700 1 _aRowlands, James
700 1 _aJohal, Amanprit
700 1 _aFielder, Auriel
856 4 8 _uhttp://www.propertyresearchtrust.org/uploads/1/3/4/8/134819607/british_woodlands.pdf
_zAvailable from the Property Research Trust
942 _n0
_2ddc
999 _c121756
_d121756